000 01384nam a2200313 i 4500
001 bg
245 0 0 _aIdentyfikacja i ocena oddziaływań antropogenicznych na zasoby wodne zlewni Raby wraz z oszacowaniem ryzyka nieosiągnięcia celów środowiskowych :
_bpraca zbiorowa /
_cpod red. Elżbiety Nachlik ; [aut. Katarzyna Baran-Gurgul et al.].
260 _aKraków :
_bWydawnictwo Politechniki Krakowskiej,
_c2006.
300 _a225 s. :
_bil. (w tym kolor.) ;
_c24 cm.
490 1 _aMonografia / Politechnika Krakowska im. Tadeusza Kościuszki. Inżynieria Środowiska
500 _aNazwy aut. na s. 6. ISSN i nr serii gł.: 0860-097X ; nr 340.
504 _aBibliogr. s. 213-222.
546 _aStreszcz. ang., niem.
650 9 _aWody podziemne
_xdegradacja
_zPolska
650 9 _aWody śródlądowe
_xdegradacja
_zPolska
650 9 _aRaba (dorzecze)
_xśrodowisko
_xdegradacja
700 1 _aNachlik, Elżbieta.
_eRed.
700 1 _aBaran-Gurgul, Katarzyna.
830 0 _aMonografia - Politechnika Krakowska im. Tadeusza Kościuszki
_x0860-097X
_v340
830 0 _aMonografia - Politechnika Krakowska im. Tadeusza Kościuszki.
_pInżynieria Środowiska
015 _aPB 9284/2008
022 _a0860097X
040 _cBPK
041 0 _apol
_beng
_bger
044 _aPOL
080 _a504.5:556.5:556.3](438)
942 _cKS
008 080328s2006 pl a |000 0 pol
999 _c55037
_d55037
856 _uhttp://koha.tu.koszalin.pl/cgi-bin/koha/opac-detail.pl?biblionumber=55037
_yKatalog online BPK